000 00502nam a22001697a 4500
999 _c41790
_d41790
003 OSt
005 20221109133257.0
008 221109b ||||| |||| 00| 0 eng d
020 _a9789384826703
040 _coclc581.5
082 _a581.5
_bKUM/P
100 _94997
_aKumaresan, V
245 _aPlant Ecology and Phytogeography
_c/V Kumaresan, N ArumugamNagercoil:
260 _aNagercoil:
_bSaras,
_c2015.
300 _a556 p
942 _2ddc
_cBK
_h581.5
_iKUM/P
_k581.5
_mKUM/P